Obras completas I
Guardat en:
| Autor principal: | |
|---|---|
| Format: | Llibre |
| Idioma: | Spanish |
| Publicat: |
San José, Costa Rica
Editorial Universidad de Costa Rica
2011
|
| Matèries: | |
| Etiquetes: |
Afegir etiqueta
Sense etiquetes, Sigues el primer a etiquetar aquest registre!
|
MARC
| LEADER | 00000nam a22000007a 4500 | ||
|---|---|---|---|
| 008 | 171204b xxu||||| |||| 00| 0 spa d | ||
| 040 | |a cru BVZT | ||
| 090 | |a 868 A-1o v.1 | ||
| 100 | |a Acuña, José Basileo | ||
| 245 | |a Obras completas I |c José Basileo Acuña; Peggy von Mayer Chavés, editora | ||
| 260 | |a San José, Costa Rica |b Editorial Universidad de Costa Rica |c 2011 | ||
| 300 | |a 433 páginas. Vol. I | ||
| 650 | |a LITERATURA COSTARRICENSE | ||
| 650 | |a JOSÉ BASILEO ACUÑA - SU OBRA LITERARIA | ||
| 650 | |a POESÍA | ||
| 650 | |a PROSA | ||
| 650 | |a QUETZALCÓATL | ||
| 650 | |a LA INTÍADA | ||
| 650 | |a TRES CANTARES | ||
| 650 | |a RAPSODIA DE AMÉRICA | ||
| 942 | |c 15 D | ||
| 999 | |c 15420 |d 15420 | ||
